Karakterisering af løse jordarter = (Record no. 29029)
[ view plain ]
| 000 -LEADER | |
|---|---|
| fixed length control field | 01276cam a22002654a 4500 |
| 001 - CONTROL NUMBER | |
| control field | gs 56000069 |
| 003 - CONTROL NUMBER IDENTIFIER | |
| control field | DLC |
| 005 - DATE AND TIME OF LATEST TRANSACTION | |
| control field | 20260227111403.0 |
| 008 - FIXED-LENGTH DATA ELEMENTS--GENERAL INFORMATION | |
| fixed length control field | 890929s1955 dk af b 000 0 dan c |
| 010 ## - LIBRARY OF CONGRESS CONTROL NUMBER | |
| LC control number | gs 56000069 |
| 035 ## - SYSTEM CONTROL NUMBER | |
| System control number | (OCoLC)20414158 |
| 040 ## - CATALOGING SOURCE | |
| Original cataloging agency | U.S. Geol. Survey. Libr. |
| Transcribing agency | CU |
| Modifying agency | CU |
| -- | DLC |
| 042 ## - AUTHENTICATION CODE | |
| Authentication code | premarc |
| 050 00 - LIBRARY OF CONGRESS CALL NUMBER | |
| Classification number | QE278 |
| Item number | .D43a vol. 3, no. 10 |
| 051 ## - LIBRARY OF CONGRESS COPY, ISSUE, OFFPRINT STATEMENT | |
| Classification number | S591 |
| Item number | .T73 |
| Copy information | Copy 2. |
| 100 1# - MAIN ENTRY--PERSONAL NAME | |
| Personal name | Troels-Smith, J. |
| Fuller form of name | (Jørgen), |
| Dates associated with a name | 1916- |
| 245 10 - TITLE STATEMENT | |
| Title | Karakterisering af løse jordarter = |
| Remainder of title | Characterization of unconsolidated sediments / |
| Statement of responsibility, etc. | J. Troels-Smith. |
| 246 1# - VARYING FORM OF TITLE | |
| Title proper/short title | Characterization of unconsolidated sediments |
| 260 ## - PUBLICATION, DISTRIBUTION, ETC. | |
| Place of publication, distribution, etc. | København : |
| Name of publisher, distributor, etc. | I kommission hos C.A. Reitzel, |
| Date of publication, distribution, etc. | 1955. |
| 300 ## - PHYSICAL DESCRIPTION | |
| Extent | 73 p., 13 leaves of plates : |
| Other physical details | diagrs., tables ; |
| Dimensions | 24 cm. |
| 440 #0 - SERIES STATEMENT/ADDED ENTRY--TITLE | |
| Title | Danmarks geologiske undersøgelse (Series). |
| Number of part/section of a work | IV. række ; |
| Volume/sequential designation | bd. 3, nr. 10 |
| 501 ## - WITH NOTE | |
| With note | QE278.D43a vol. 3, no. 10 with: Nicolaus Steno (Niels Stensen) and Erasmus Bartholinus : two 17th century Danish scientists and the foundation of exact geology and crystallography / by Axel Garboe. København : I kommission hos C.A. Reitzel, 1954. Bound together subsequent to publication. |
| Institution to which field applies | DLC |
| 504 ## - BIBLIOGRAPHY, ETC. NOTE | |
| Bibliography, etc. note | "Citeret og anvendt litteratur": p. [72]-73. |
| 650 #0 - SUBJECT ADDED ENTRY--TOPICAL TERM | |
| Topical term or geographic name entry element | Sedimentation and deposition. |
No items available.